| 000 | 00691nam a22002297a 4500 | ||
|---|---|---|---|
| 999 |
_c16717 _d16717 |
||
| 003 | AR-CdUCM | ||
| 008 | 190305b ||||| |||| 00| 0 esp d | ||
| 020 | _aISBN | ||
| 040 |
_aMUNICIPALIDAD PROVINCIAL DEL CUSCO _cBIBLIOTECA MUNICIPAL DEL CUSCO |
||
| 082 |
_a891.32 / _bD93 / 1924 |
||
| 100 |
_aDostoyevsky, F. _936314 |
||
| 245 | _aLos endemoniados / | ||
| 260 |
_aMadrid ; _bCalpe, _c1924. |
||
| 300 |
_a2 tomos ; _c16 cm. |
||
| 505 | _aContenido : La noche -- El duelo -- Todos a la expectativa ... | ||
| 650 |
_aBiografĂa _922 |
||
| 650 |
_aLiteratura _983 |
||
| 650 |
_aSiglo XIX _9971 |
||
| 700 |
_aMeyendorff, Jorge _936315 |
||
| 942 |
_2ddc _cLIBROS |
||
| 945 |
_arah _d04/05/2019 |
||